Crisis y transformaciones del mundo del café : (Registro nro. 12644)
[ vista simple ]
| 000 -LEADER | |
|---|---|
| fixed length control field | 02035cam a2200289 a 4500 |
| 003 - CONTROL NUMBER IDENTIFIER | |
| control field | OSt |
| 005 - DATE AND TIME OF LATEST TRANSACTION | |
| control field | 20211008133508.0 |
| 008 - FIXED-LENGTH DATA ELEMENTS--GENERAL INFORMATION | |
| fixed length control field | 120918s2012 ck abd r 000 0 spa d |
| 020 ## - INTERNATIONAL STANDARD BOOK NUMBER | |
| International Standard Book Number | 9789587165227 |
| 040 ## - CATALOGING SOURCE | |
| Original cataloging agency | CO-BoPUJ |
| Transcribing agency | CO-JMCR |
| 041 0# - LANGUAGE CODE | |
| Language code of text/sound track or separate title | spa |
| 082 04 - DEWEY DECIMAL CLASSIFICATION NUMBER | |
| Classification number | 338.17373098 |
| Item number | S192c |
| Edition number | 23 |
| 100 1# - MAIN ENTRY--PERSONAL NAME | |
| Personal name | Samper, Mario, |
| Relator term | editor |
| 9 (RLIN) | 41053 |
| 245 00 - TITLE STATEMENT | |
| Title | Crisis y transformaciones del mundo del café : |
| Remainder of title | dinámicas locales y estrategias nacionales en un periodo de adversidad e incertidumbre / |
| Statement of responsibility, etc. | editores Mario Samper K. y Steven Topik |
| 250 ## - EDITION STATEMENT | |
| Edition statement | primera edición |
| 260 ## - PUBLICATION, DISTRIBUTION, ETC. | |
| Place of publication, distribution, etc. | Bogotá : |
| Name of publisher, distributor, etc. | Editorial Pontificia Universidad Javeriana, |
| Date of publication, distribution, etc. | 2012. |
| 300 ## - PHYSICAL DESCRIPTION | |
| Extent | 329 páginas : |
| Other physical details | ilustraciones, diagramas, cuadros y mapas ; |
| Dimensions | 24 cm. |
| 504 ## - BIBLIOGRAPHY, ETC. NOTE | |
| Bibliography, etc. note | Incluye referencias bibliográficas. |
| 505 0# - FORMATTED CONTENTS NOTE | |
| Title | Estrategias adaptativas de la caficultura colombiana. -- Balas y tinto: conflicto armado en la zona cafetera colombiana. -- Los andes de Venezuela: las raíces de la evolución reciente de una de las más antiguas caficulturas del mundo latinoamericano. -- La respuesta de Brasil a la suspensión de las cláusulas económicas de los convenios internacionales del café, 1989-2009. -- Perú, un nuevo gran actor de la caficultura latinoamericana. -- Veinte años de crisis del café en México. --Mejora de la posición del café de baja altitud en América Central. -- Caen barreras: la producción cafetera guatemalteca y el impulso hacia café premium, 1989-2005. -- La respuesta de Costa Rica a la crisis cafetera. -- Cooperativas y relaciones de género en Nicaragua: una respuesta desigual a la crisis de café. |
| 650 14 - SUBJECT ADDED ENTRY--TOPICAL TERM | |
| Topical term or geographic name entry element | Industria del café |
| Geographic subdivision | América Latina |
| 9 (RLIN) | 41054 |
| 650 24 - SUBJECT ADDED ENTRY--TOPICAL TERM | |
| Topical term or geographic name entry element | Café |
| General subdivision | Aspectos sociales |
| Geographic subdivision | América Latina |
| 9 (RLIN) | 41055 |
| 650 24 - SUBJECT ADDED ENTRY--TOPICAL TERM | |
| Topical term or geographic name entry element | Trabajadores del café |
| General subdivision | Condiciones sociales |
| Geographic subdivision | América Latina |
| 9 (RLIN) | 41056 |
| 650 24 - SUBJECT ADDED ENTRY--TOPICAL TERM | |
| Topical term or geographic name entry element | Conflicto armado |
| Geographic subdivision | Colombia |
| 9 (RLIN) | 8340 |
| 700 1# - ADDED ENTRY--PERSONAL NAME | |
| Personal name | Topik, Steven |
| Relator term | editor |
| 9 (RLIN) | 41057 |
| 856 40 - ELECTRONIC LOCATION AND ACCESS | |
| Public note | Para consultar el texto completo presione aquí |
| Uniform Resource Identifier | <a href="http://hdl.handle.net/10554/41327">http://hdl.handle.net/10554/41327</a> |
| 942 ## - ADDED ENTRY ELEMENTS (KOHA) | |
| Source of classification or shelving scheme | Dewey Decimal Classification |
| Koha item type | Books |
| Withdrawn status | Lost status | Source of classification or shelving scheme | Damaged status | Not for loan | Home library | Current library | Shelving location | Date acquired | Source of acquisition | Full call number | Barcode | Date last seen | Copy number | Price effective from | Koha item type | Total Checkouts |
|---|---|---|---|---|---|---|---|---|---|---|---|---|---|---|---|---|
| Dewey Decimal Classification | Biblioteca Pública José María del Castillo y Rada | Biblioteca Pública José María del Castillo y Rada | General Stacks | 04/15/2018 | Donación | 338.17373098 / S192c | 430004012 | 05/16/2024 | Ej.1 | 03/10/2021 | Books | |||||
| Dewey Decimal Classification | Biblioteca Pública José María del Castillo y Rada | Biblioteca Pública José María del Castillo y Rada | General Stacks | 04/15/2018 | Donación | 338.17373098 / S192c | 430004011 | 05/16/2024 | Ej.2 | 03/10/2021 | Books |